| 000 | 02097cam a22005174i 4500 | ||
|---|---|---|---|
| 003 | PE-LiUPU | ||
| 005 | 20250731173126.0 | ||
| 008 | 150706s r 000 0 d | ||
| 020 | _a0816311927 | ||
| 035 | _a(Sirsi) i9780816311927 | ||
| 040 |
_aPE-LiUPU _bspa _cPE-LiUPU _erda |
||
| 049 | _aPRUA | ||
| 050 | 0 | 0 |
_aBX6154 _b.G635 1994 |
| 082 | 0 | 4 |
_a286.732 _bG66R _221 |
| 082 | 0 | 4 |
_a286.732092 _bG66R _221 |
| 100 | 1 |
_aGoldstein, Clifford, _eautor. |
|
| 245 | 1 | 4 |
_aThe remnant : _bbiblical reality or wishful thinking? / _cClifford Goldstein. |
| 264 | 1 |
_aBoise,Idaho : _bPacific Press Publishing Association, _c1994. |
|
| 300 |
_a128 páginas ; _c20 centímetros |
||
| 336 |
_atext _2rdacontent |
||
| 337 |
_aunmediated _2rdamedia |
||
| 338 |
_avolume _2rdacarrier |
||
| 505 | 0 | _aMurder in the remnant church. The remnant among the nations. Remnant of the remnant. Remnant of her seed. Remnat within the remnant. The abandonment. | |
| 526 | _aSEG42 | ||
| 526 | _aSEG41 | ||
| 526 | _aSEG40 | ||
| 526 | _aSEG39 | ||
| 526 | _aP94 | ||
| 526 | _aP87 | ||
| 526 | _aP86 | ||
| 526 | _aP85 | ||
| 526 | _aP77 | ||
| 526 | _aP76 | ||
| 526 | _aP35 | ||
| 610 | 2 | 4 |
_aAdvenitistas del Séptimo Día _xDoctrinas. |
| 650 | 1 | 4 | _aRemanente (Teología). |
| 910 |
_bgl _cop _d20030410 |
||
| 942 |
_2ddc _cBOOK |
||
| 949 |
_a286.701 G66R _wDEWEY _c1 _i51242 _f2017-2-15 _g1 _lCCODEBUL1 _mBUL _p10.00 _r0 _sY _tBOOK _u2015-6-24 _xTEOLOGIA _PP35 _0COMPRA _o.STAFF. Colección General |
||
| 949 |
_a286.732 G66R _wDEWEY _c1 _i63459 _lCIA _mBWL _p10.00 _r1 _sY _tBOOK _u2015-7-6 _xWHITE _zUNKNOWN _o.STAFF. Colección General |
||
| 994 |
_aC0 _bPEPRU |
||
| 596 | _a1 4 | ||
| 999 |
_a286.701 G66R _wDEWEY _c32951 _i51242 _d32951 _e2019-3-31 _f2021-11-12 _g6 _lCCODEBUL1 _mBUL _n2 _p10.00 _r0 _sY _tBOOK _u2015-6-24 _xTEOLOGIA _PP35 _0COMPRA _o.STAFF. Colección General |
||
| 999 |
_a236.9 G66 1994 _wDEWEY _c1 _iCW63459 _f2021-12-22 _g2 _lCCODECWL1 _mBWL _p10.00 _r0 _sY _tBOOK _u2015-7-6 _xWHITE _zUNKNOWN _o.STAFF. Centro White |
||
| 980 |
_81 _gALBERTO SANCHEZ Responsable de Automatización |
||